000 00803nam a2200241Ia 4500
003 GCL
008 140319s9999 xx 000 0 ara d
040 _aGCL /
_cGCL
082 0 4 _a792.09
_bل م
100 1 _aاحمد سلامة محمد
245 1 0 _a"المرشد فى فن المسرح ""الدراما""" /
_cاحمد سلامة محمد
700 1 _aلويس فارجاس
700 1 _aمرسى سعدالدين
260 _a[S.N] :
_bالهيئة المصرية العامة للكتاب ،
_c1986
300 _a225 ص
490 _aالالف كتاب الثانى
_v0
650 0 4 _aالمسرح
650 0 4 _aالمسرحيات
650 0 4 _aالتمثيل فى المسرح
650 0 4 _aالممثلون والممثلات
650 0 4 _aتاريخ ونقد
942 _2ddc
_cBK
999 _c32572
_d32572